000 01573nam2a2200313 4500
001 RU\NLR\BIBL_A\016249176
005 20250625011746.0
035 _a(NLR Aleph) 016249176
090 _a12821811
_c12821811
100 _a20221227d2022 |||y0rusy50 ca
101 0 _arus
102 _aRU
200 1 _aКарабатыр
_fИса Капаев
210 _d2022
_aБ. м.
327 1 _aСодерж.: Гармонистка; Карабатыр; Куплю курицу; Несостоявшийся сабантой; Рекламное приложение; Йолмамбет, Йома, Ё-моё
461 0 _1001RU\NLR\INFOCOMM10\1000300670
_12001#$aРоман-газета$v2022, № 22 (1915)
_94306815
_cМ.
_d1977-
_nХудож. лит.
_tРоман-газета
_x0131-6044
_v2022, № 22 (1915)
464 0 _12001#$aГармонистка
_tГармонистка
464 0 _12001#$aКарабатыр
_tКарабатыр
464 0 _12001#$aКуплю курицу
_tКуплю курицу
464 0 _12001#$aНесостоявшийся сабантой
_tНесостоявшийся сабантой
464 0 _12001#$aРекламное приложение
_tРекламное приложение
464 0 _12001#$aЙолмамбет, Йома, Ё-моё
_tЙолмамбет, Йома, Ё-моё
686 2 _aШ6(2=Ног)7-4
700 1 _7ca
_8rus
_aКапаев
_bИ. С.
_f1949-
_gИса Суюнович
_9234437
_3RU\NLR\AUTH\770234493
852 _aNLR
_jП35/504
942 _cISSUE
980 _aNB